Hitler's Cabinet - Statistics

General Stats
  • This quiz has been taken 143 times
  • The average score is 9 of 52
Answer Stats
Position Member Time in office Party How they died % Correct
Minister of Public Enlightenment and Propaganda Joseph Goebbels 1933 - 45 NSDAP Suicide
84%
Minister of Economics Hermann Göring 1937 - 38 NSDAP Suicide
83%
Reichskommissar for Air Traffic Hermann Göring 1933 NSDAP Suicide
83%
Minister of the interior Heinrich Himmler 1943 - 45 NSDAP Suicide
81%
Chancellor Adolf Hitler 1933 - 45 NSDAP Suicide
80%
Minister of Foreign affairs Joachim von Ribbentrop 1938 - 45 NSDAP Hanged
47%
Vice-Chancellor Franz von Papen 1933 - 34 Independent Natural
33%
Minister of Economics Hjalmar Schacht 1934 - 37 Independent Natural
30%
Deputy Führer Rudolf Hess 1933 - 41 NSDAP Natural
29%
Minister for Armaments and Munitions Albert Speer 1942 - 45 NSDAP Natural
27%
Commander-in-Chief of the Navy Karl Dönitz 1943 - 45 Independent Natural
23%
Stabschef of the SA Ernst Röhm 1933 - 34 NSDAP Purged
21%
Chief of the Nazi Party Chancellery Martin Bormann 1941 - 45 NSDAP Unknown
21%
Minister of the interior Wilhelm Frick 1933 - 43 NSDAP Hanged
19%
Governor-General of Occupied Poland Hans Frank 1934 - 45 NSDAP Hanged
18%
Minister of Economics Walther Funk 1938 - 45 NSDAP Natural
18%
Chief of the OKW Wilhelm Keitel 1938 - 45 Independent Hanged
16%
President of the Reichsbank Hjalmar Schacht 1937 - 43 NSDAP Natural
15%
Minister of Foreign affairs Konstantin von Neurath 1933 - 38 Independent Natural
15%
Minister of the reichswehr Werner von Blomberg 1933 - 38 Independent Colorectal Cancer
13%
Minister for the Occupied Eastern Territories Alfred Rosenberg 1941 - 45 NSDAP Hanged
12%
Commander-in-Chief of the Navy Erich Raeder 1936 - 43 Independent Natural
12%
Minister of Finance Lutz Graf Schwerin von Krosigk 1933 - 45 Independent Natural
12%
Minister for Armaments and Munitions Fritz Todt 1940 - 42 NSDAP Assassinated
11%
Minister of Economics Alfred Hugenberg 1933 DNVP Natural
10%
Reichskommissar of the Netherlands Arthur Seyss-Inquart 1939 - 45 NSDAP Hanged
8%
Reich Protector of Bohemia-Moravia Wilhelm Frick 1943 - 45 NSDAP Hanged
8%
Reich Protector of Bohemia-Moravia Konstantin von Neurath 1938 - 43 NSDAP Natural
6%
Minister of Labour Franz Seldte 1933 - 45 DNVP Natural
5%
Minister of Justice Otto Georg Thierack 1942 - 45 NSDAP Hanging
5%
Minister of Science, Education and Culture Bernhard Rust 1934 - 45 NSDAP Suicide
4%
Minister of Justice Franz Gürtner 1933 - 41 DNVP Natural
4%
Minister for Church Affairs Hanns Kerrl 1935 - 41 NSDAP Natural
4%
First Deputy President of the Reichstag Hanns Kerrl 1934 - 35 NSDAP Natural
4%
Minister of Economics Kurt Schmitt 1933 - 34 NSDAP Natural
4%
Minister of Food and Agriculture Richard Walther Darré 1933 - 44 NSDAP Liver Cancer
4%
Minister of Food and Agriculture Alfred Hugenberg 1933 DNVP Natural
3%
Chief of the Reich Chancellery Hans Lammers 1937 - 45 NSDAP Natural
3%
Minister of Food and Agriculture Herbert Backe 1944 - 45 NSDAP Suicide
3%
Minister of Transport Julius Dorpmüller 1937 - 45 Independent Natural
3%
Minister of Justice Franz Schlegelberger 1941 - 42 NSDAP Natural
2%
Minister of Aviation Herman Goring 1933 - 45 NSDAP Suicide
2%
Minister for Church Affairs Herman Muhs 1941 - 45 NSDAP Natural
1%
Chief of the Reich Labour Service Konstantin Hierl 1943 - 45 NSDAP Natural
1%
Commander-in-Chief of the Army Walther von Brauchitsch 1938 - 41 Independent Natural
1%
Commander-in-Chief of the Army Werner von Fritsch 1936 - 38 Independent KIA
1%
Reichskommissar for Employment Günther Gereke 1933 Independent Natural
0%
Minister of State for the Protectorate of Bohemia-Moravia Karl Hermann Frank 1943 - 45 NSDAP Hanged
0%
Minister of State and Chief of the Presidential Chancellery Otto Meissner 1937 - 45 NSDAP Natural
0%
Postal Minister Paul Freiherr von Eltz-Rübenach 1933 - 37 Independent Natural
0%
Minister of Transport Paul Freiherr von Eltz-Rübenach 1933 - 37 Independent Natural
0%
Postal Minister Wilhelm Ohnesorge 1937 - 45 NSDAP Natural
0%
No matching quizzes found
Score Distribution
Percent of People with Each Score
Percentile by Number Answered
Your Score History
You have not taken this quiz